000 01047naa a22003017a 4500
001 BR9208305
003 BR-BrBNA
005 20240918180810.0
007 ta
008 230509b bl.||||| |||| 00| 0 por d
040 _aBR-BrBNA
_bpor
_cBiblioteca Nacional de Agricultura
041 _a(Pt)
072 _aJ11
_b0600
_b1300
090 _aJ11 BR9208305
100 1 _aBleinroth, E.W.
111 1 _a1. Encontro Tecnico sobre Frigoconservacao
_cBrasilia, DF (Brazil)
_d2-5 Dec 1980
245 1 _aEfeito das substancias gasosas no armazenamento de frutas e hortalicas
260 3 _aBrasilia, DF (Brasil):
_c1981.
500 _a1. Encontro Tecnico sobre Frigoconservacao. Anais Brasilia, DF (Brasil): 1981. p. 88-104 (BR9208305-AM)J11
650 _aFRUTA
650 _aHORTALICA
650 _aARMAZENAMENTO
650 _aFRIGORIFICO
650 _aGAS
773 0 _t1. Encontro Tecnico sobre Frigoconservacao. Anais
_wJ11 BR9208305
_gBrasilia, DF (Brasil), 1981. p. 88-104
909 _a202404
_bLucia
_c55
_dLucia Elande
942 _cAM
_2AGRIS
999 _c322085
_d322085